Statistics for US Cities That Start With L

Click here to take the quiz!

General Stats

  • This quiz has been taken 60 times
  • The average score is 5 of 8

Answer Stats

Population City % Correct
3,976,322Los Angeles
94%
632,912Las Vegas
85%
616,261Louisville
68%
318,449Lexington
58%
280,364Lincoln
49%
257,156Laredo
47%
252,506Lubbock
47%
470,130Long Beach
36%

Score Distribution

Percentile by Number Answered

Percent of People with Each Score

Your Score History

You have not taken this quiz